000 01689cam a2200229 4500500
005 20251228052230.0
041 _afre
042 _adc
100 1 0 _aHolzer, Vincent
_eauthor
245 0 0 _aL'eschatologie trinitaire et la critique de la philosophie de l'histoire chez Hans Urs von Balthasar
260 _c2010.
500 _a66
520 _aRésuméProfondément marqué par la culture de l’Idéalisme allemand et sa « domestication » de l’eschatologie comme forme suprême du savoir, Hans Urs von Balthasar n’a eu de cesse de s’en démarquer en redonnant à l’apocalyptique juive la place qui lui revient dans la construction de la christologie. Méfiant à l’endroit des philosophies de l’histoire, le théologien promeut une théologie de la temporalité du Christ dans laquelle le facteur eschatologique est essentiel. Il vise à établir, de manière conforme aux Écritures, une théologie de l’unicité du Christ. C’est dans ce contexte que le théologien de Lucerne adopte une conception verticale et non plus horizontale de l’eschatologie, en valorisant du même coup une eschatologie au présent à travers le thème central du kairos. Le thème de l’eschatologie verticale se déploie en une théologie trinitaire de dimension « dramatique ».
690 _aeschatologie
690 _aeschatologie trinitaire
690 _aphilosophie de la Révélation
690 _atemporalité
690 _atemps du Christ
690 _aunicité du Christ
786 0 _nTransversalités | 112 | 4 | 2010-01-14 | p. 87-123 | 1286-9449
856 4 1 _uhttps://shs.cairn.info/revue-transversalites-2009-4-page-87?lang=fr&redirect-ssocas=7080
999 _c1583109
_d1583109